| 000 | 01010cam a22002775a 4500 | ||
|---|---|---|---|
| 001 | 13624440 | ||
| 005 | 20160124142006.0 | ||
| 008 | 040615t2005 njua frbd 001 0 eng d | ||
| 020 | _a0805848495 | ||
| 020 | _a9780805848496 | ||
| 040 |
_aDLC _cDLC _dDLC _dEG-ScBUE _beng |
||
| 082 | 0 | 4 |
_a303.4833 _222 _bWOO |
| 100 | 1 |
_aWood, Andrew F. _939161 |
|
| 245 | 1 | 0 |
_aOnline communication : _blinking technology, identity, and culture / _cAndrew F. Wood, Matthew J. Smith. |
| 250 | _a2nd ed. | ||
| 260 |
_aNew York ; _aLondon : _bRoutledge / Taylor & Francis Group, _cc.2005. |
||
| 300 |
_axviii, 245 p. : _bill. ; _c26 cm. |
||
| 500 | _aGlossary : p. 227-233. | ||
| 504 | _aIncludes bibliographical references and indexes. | ||
| 650 | 7 |
_aInformation technology _xSocial aspects. _2BUEsh _937778 |
|
| 650 | 7 |
_aCommunication and technology. _2BUEsh _937773 |
|
| 650 | 7 |
_aCommunication _xSocial aspects. _2BUEsh _939162 |
|
| 653 |
_bCOMAME _cJuly2015 _cJanuary2016 |
||
| 700 | 1 |
_aSmith, Matthew J., _d1971- |
|
| 942 | _2ddc | ||
| 999 |
_c20320 _d20292 |
||